000 00955nam a2200229 a 4500
005 2011120809039.0
010 _aB-444529
020 _a9788184971750
_c65.00
035 _aB-444529
037 _bBlueberry Books/Ven
082 _aS
100 _aBlacker, Terence
_939078
245 _aIn control Ms Wiz? /
_cby Terence Blacker; illustred by Tony Ross
260 _aNew Delhi
_bBPI India
_c2011
270 _aF-213/A, Ground Floor, Old Mehrauli Badarpur Road, Lado Sarai,
_bNew Delhi
_e110030
300 _a59p. ;
_c18cm. (pbk)
_bill.
700 _aRoss, Tony
_936612
856 _3Table of contents
_uhttp://www.loc.gov/catdir/toc/ecip0516/2005020735.html
942 _2ddc
_cCH
_mBLA
_hS
999 _c59092
_d59092